|
|
|
|
| LEADER |
01011naa a2200217 i 4500 |
| 001 |
acta67932 |
| 005 |
20230222131648.0 |
| 008 |
200511s2009 hu o 1|| hun d |
| 020 |
|
|
|a 978-963-482-923-2
|
| 040 |
|
|
|a SZTE Egyetemi Kiadványok Repozitórium
|b hun
|
| 041 |
|
|
|a hun
|
| 100 |
1 |
|
|a Ladányi Zsuzsanna
|
| 245 |
1 |
0 |
|a Klímaváltozás hatása egy Duna-Tisza közi mintaterületen
|h [elektronikus dokumentum] /
|c Ladányi Zsuzsanna
|
| 260 |
|
|
|c 2009
|
| 300 |
|
|
|a 93-98
|
| 490 |
0 |
|
|a Természetföldrajzi folyamatok és formák : Geográfus Doktoranduszok IX. Országos Konferenciájának Természetföldrajzos Tanulmányai
|
| 650 |
|
4 |
|a Természettudományok
|
| 650 |
|
4 |
|a Föld- és kapcsolódó környezettudományok
|
| 695 |
|
|
|a Éghajlati változás - Magyarország - regionális, Duna-Tisza köze
|
| 711 |
|
|
|a Geográfus doktoranduszok országos konferenciája (9.)
|c Szeged
|d 2009
|
| 856 |
4 |
0 |
|u http://acta.bibl.u-szeged.hu/67932/1/2009_termeszetfoldrajzi_folyamatok_es_formak_093-098.pdf
|z Dokumentum-elérés
|